Statistics for Gotlands socknar

Click here to take the quiz!

General Stats

  • This quiz has been taken 191 times
  • The average score is 38 of 92

Answer Stats

HintAnswer% Correct
29fårö
91%
85visby
85%
47hemse
81%
50klinte
80%
64när
72%
67roma
72%
88västergarn
65%
79tofta
64%
92östergarn
63%
60lärbro
60%
74stenkumla
56%
2ala
55%
53lau
55%
71silte
55%
89västerhejde
55%
16dalhem
53%
13burs
52%
91öja
51%
80träkumla
51%
81vall
51%
22etelhem
49%
58lummelunda
49%
75stenkyrka
49%
21eskelhem
48%
12bunge
47%
34gothem
47%
51kräklingbo
45%
76stånga
45%
28fröjel
44%
87väskinde
44%
10boge
43%
11bro
43%
66othem
43%
8barlingbo
41%
19eksta
41%
65näs
41%
68rone
41%
69rute
41%
70sanda
41%
78tingstäde
41%
4alva
40%
6ardre
40%
20endre
40%
32garda
40%
41havdhem
40%
5anga
39%
17eke
39%
24fide
39%
26fole
39%
35grötlingbo
39%
38hall
39%
42hangvar
39%
43hejde
39%
56lojsta
39%
30gammelgarn
37%
37hablingbo
37%
61martebo
37%
7atlingbo
36%
27follingbo
36%
15bäl
35%
40hamra
35%
83vamlingbo
35%
31ganthem
33%
3alskog
32%
14buttle
32%
59lye
32%
63norrlanda
32%
77sundre
32%
18ekeby
31%
62mästerby
31%
86vänge
31%
23fardhem
29%
49hörsne
29%
82vallstena
29%
1akebäck
28%
46hellvi
28%
90väte
28%
44hejdeby
27%
45hejnum
27%
73sproge
27%
9björke
25%
55linde
25%
36guldrupe
23%
39halla
23%
52källunge
23%
54levide
23%
57lokrume
21%
84viklau
21%
25fleringe
20%
33gerum
19%
72sjonhem
19%
48hogrän
16%

Score Distribution

Percentile by Number Answered

Percent of People with Each Score

Your Score History

You have not taken this quiz